[Event "Vanadzor op"]
[Site "Vanadzor"]
[Date "2024.08.04"]
[Round "6"]
[White "Mogheyseh, Abolfazl"]
[Black "Davtyan, Arsen"]
[Result "1/2-1/2"]
[WhiteElo "2203"]
[BlackElo "2402"]
[PlyCount "98"]
[EventDate "2024.08.01"]
[EventType "swiss"]
[EventRounds "9"]
[EventCountry "ARM"]
[SourceTitle "CBM 221 Extra"]
[Source "ChessBase"]
[SourceDate "2024.09.30"]
[SourceVersion "1"]
[SourceVersionDate "2024.09.30"]
[SourceQuality "1"]

1. d4 Nf6 2. c4 e6 3. Nc3 Bb4 4. f3 c5 5. d5 b5 6. e4 d6 7. Nge2 bxc4 8. Nf4 e5 9. Nfe2 Nbd7 10. Ng3 Nb6 11. Be2 Ng8 12. h4 Ne7 13. h5 h6 14. f4 exf4 15. Bxf4 0-0 16. 0-0 Bxc3 17. bxc3 f5 18. Qd2 fxe4 19. Nxe4 Bf5 20. Ng3 Bd3 21. Bxh6 gxh6 22. Qxh6 Bxe2 23. Nxe2 Qd7 24. Nf4 Nf5 25. Qg5+ Qg7 26. Ng6 Nh6 27. Rae1 Rxf1+ 28. Rxf1 Re8 29. Rf3 Nd7 30. Qf4 Kh7 31. Qxd6 Ng4 32. Qg3 Ndf6 33. Qh4 Re2 34. Nf4 Rxa2 35. g3 Qb7 36. Rf1 Qg7 37. Ne6 Qh6 38. Ng5+ Kg8 39. d6 Rd2 40. Rf4 Rd1+ 41. Kg2 Rd2+ 42. Kg1 Ne3 43. Ne4 Rd1+ 44. Kf2 Nxe4+ 45. Rxe4 Rd2+ 46. Kg1 Rd1+ 47. Kh2 Rd2+ 48. Kg1 Rd1+ 49. Kh2 Rd2+ 1/2-1/2

[Event "Rasht Father Cup Blitz 2nd"]
[Site "Rasht"]
[Date "2023.12.07"]
[Round "8"]
[White "Mogheyseh, Abolfazl"]
[Black "Khoshkalam, Seyed Mehrab"]
[Result "0-1"]
[WhiteElo "2033"]
[BlackElo "2266"]
[PlyCount "78"]
[EventDate "2023.12.07"]
[EventType "swiss (blitz)"]
[EventRounds "13"]
[EventCountry "IRI"]
[SourceTitle "CBM 217 Extra"]
[Source "ChessBase"]
[SourceDate "2024.01.31"]
[SourceVersion "1"]
[SourceVersionDate "2024.01.31"]
[SourceQuality "1"]

1. d4 e6 2. c4 Nf6 3. Nc3 d5 4. cxd5 exd5 5. Bg5 Nbd7 6. e3 Be7 7. Bd3 0-0 8. Nf3 c6 9. 0-0 Re8 10. Qc2 Nf8 11. h3 Ng6 12. Bxf6 Bxf6 13. b4 a6 14. a4 Qd6 15. b5 axb5 16. axb5 Rxa1 17. Rxa1 c5 18. Ra8 Bd7 19. Ra4 Rc8 20. Qb2 cxd4 21. Nxd4 Ne5 22. Be2 Qc5 23. Ra3 h6 24. Na4 Qc1+ 25. Qxc1 Rxc1+ 26. Kh2 Nc4 27. Bxc4 dxc4 28. Nc5 Bxd4 29. Nxd7 Ra1 30. Rxa1 Bxa1 31. Nc5 c3 32. Nb3 c2 33. Kg3 Bb2 34. Kf4 Kf8 35. Ke4 Ke7 36. Kd5 c1Q 37. Nxc1 Bxc1 38. Kc5 Kd7 39. Kb6 Kc8 0-1

[Event "Rasht Father Cup 1st"]
[Site "Rasht"]
[Date "2023.10.26"]
[Round "10"]
[White "Mogheyseh, Abolfazl"]
[Black "Mosadeghpour, Masoud"]
[Result "0-1"]
[WhiteElo "1980"]
[BlackElo "2480"]
[PlyCount "42"]
[EventDate "2023.10.19"]
[EventType "swiss"]
[EventRounds "10"]
[EventCountry "IRI"]
[SourceTitle "EXT 2025"]
[Source "ChessBase"]
[SourceDate "2024.10.14"]
[SourceVersion "1"]
[SourceVersionDate "2024.10.14"]
[SourceQuality "1"]

1. d4 Nf6 2. c4 e6 3. Nc3 Bb4 4. f3 c5 5. d5 b5 6. e4 0-0 7. e5 Ne8 8. f4 exd5 9. cxd5 d6 10. Nf3 Nc7 11. Bd3 c4 12. Be4 f5 13. exf6 Qxf6 14. 0-0 Bf5 15. Bxf5 Bc5+ 16. Kh1 Qxf5 17. Nd4 Bxd4 18. Qxd4 Nba6 19. Bd2 Nc5 20. Rae1 Rae8 21. Re5 Rxe5 0-1

[Event "Rasht Father Cup 1st"]
[Site "Rasht"]
[Date "2023.10.24"]
[Round "8"]
[White "Mogheyseh, Abolfazl"]
[Black "Ahadian, Armin"]
[Result "1-0"]
[WhiteElo "1980"]
[BlackElo "1712"]
[PlyCount "55"]
[EventDate "2023.10.19"]
[EventType "swiss"]
[EventRounds "10"]
[EventCountry "IRI"]
[SourceTitle "EXT 2025"]
[Source "ChessBase"]
[SourceDate "2024.10.14"]
[SourceVersion "1"]
[SourceVersionDate "2024.10.14"]
[SourceQuality "1"]

1. d4 d5 2. c4 c6 3. Nf3 e6 4. Nc3 Nf6 5. Bg5 Nbd7 6. cxd5 exd5 7. Qc2 Qa5 8. Nd2 Be7 9. e3 Nf8 10. Bd3 h6 11. Bh4 Ne6 12. 0-0 0-0 13. Nf3 Qd8 14. Rfb1 c5 15. dxc5 Nxc5 16. Rd1 Be6 17. Bc4 g5 18. Bg3 Rc8 19. Nd4 Bg4 20. Be2 Bd7 21. f3 Na4 22. Kh1 Nxc3 23. bxc3 Nh5 24. Bf2 Ng7 25. Rab1 Bc6 26. c4 Qd7 27. Nb3 Ba4 28. Qb2 1-0

[Event "IRI-ch U16"]
[Site "Chess.com INT"]
[Date "2021.01.16"]
[Round "6"]
[White "Mogheyseh, Abolfazl"]
[Black "Abbasi Abloei, Abolfazl"]
[Result "1-0"]
[WhiteElo "1718"]
[BlackElo "1452"]
[PlyCount "63"]
[EventDate "2021.01.16"]
[EventType "swiss"]
[EventRounds "11"]
[EventCountry "IRI"]
[SourceTitle "EXT 2022"]
[Source "ChessBase"]
[SourceDate "2021.10.06"]
[SourceVersion "1"]
[SourceVersionDate "2021.10.06"]
[SourceQuality "1"]

1. d4 Nf6 2. e3 g6 3. Bd3 Bg7 4. h4 h5 5. Nh3 d6 6. c3 Bxh3 7. Rxh3 Nbd7 8. Qc2 e5 9. Rg3 Qe7 10. Nd2 0-0-0 11. a4 Nd5 12. Kf1 Bf6 13. a5 Bxh4 14. Rh3 f5 15. a6 b6 16. Qa4 Nb8 17. Bb5 c5 18. Bc6 Nxc6 19. Qxc6+ Nc7 20. Qb7+ Kd7 21. Qxa7 Rb8 22. Nc4 exd4 23. Nxb6+ Kc6 24. Nc4 Nb5 25. Na5+ Kd5 26. c4+ Ke6 27. Qxe7+ Bxe7 28. cxb5 Rxb5 29. exd4 Kd5 30. dxc5 Bd8 31. Nb7 Kc6 32. a7 1-0

[Event "IRI-ch U16"]
[Site "Chess.com INT"]
[Date "2021.01.16"]
[Round "11"]
[White "Mogheyseh, Abolfazl"]
[Black "Niromand, Mohammad Ebrahim"]
[Result "1-0"]
[WhiteElo "1718"]
[BlackElo "1437"]
[PlyCount "45"]
[EventDate "2021.01.16"]
[EventType "swiss"]
[EventRounds "11"]
[EventCountry "IRI"]
[SourceTitle "EXT 2022"]
[Source "ChessBase"]
[SourceDate "2021.10.06"]
[SourceVersion "1"]
[SourceVersionDate "2021.10.06"]
[SourceQuality "1"]

1. d4 e6 2. e3 Nf6 3. Bd3 d5 4. Nd2 Bd6 5. Ngf3 Nbd7 6. b3 0-0 7. Bb2 b6 8. Ne5 Bb7 9. f4 Ne4 10. 0-0 f5 11. Rf3 c5 12. Rh3 cxd4 13. exd4 Bxe5 14. dxe5 Qc7 15. Bxe4 dxe4 16. Qh5 h6 17. Nc4 Bd5 18. Ne3 Bb7 19. Qg6 Kh8 20. Qxe6 Rae8 21. Qg6 Qc5 22. Kh1 Qd5 23. Nxd5 1-0